W jakim województwie leży to miasto? - Statystyki

Ogólne statystyki
  • Ten quiz został rozwiązany 52 razy
  • Średni wynik to 165 z 222
Statystyki odpowiedzi
Zagadnienie Komórka Select % Poprawnych
Nysa Podlaskie Nie
95%
Darłowo Lubuskie Nie
92%
Darłowo Mazowieckie Nie
92%
Nysa Pomorskie Nie
92%
Nysa Śląskie Nie
92%
Nysa Świętokrzyskie Nie
92%
Nysa Wielkopolskie Nie
92%
Nysa Lubuskie Nie
90%
Nysa Mazowieckie Nie
90%
Darłowo Podkarpackie Nie
90%
Darłowo Śląskie Nie
90%
Darłowo Śląskie Nie
90%
Darłowo Wielkopolskie Nie
90%
Nysa Dolnośląskie Nie
87%
Kostrzyn Kujawsko-pomorskie Nie
87%
Kostrzyn Łódzkie Nie
87%
Brodnica Łodzkie Nie
87%
Kostrzyn Mazowieckie Nie
87%
Górowo Iławeckie Opolskie Nie
87%
Radków Pomorskie Nie
87%
Górowo Iławeckie Pomorskie Nie
87%
Brodnica Pomorskie Nie
87%
Władysławowo Dolnośląskie Nie
85%
Świnoujście Kujawsko-Pomorskie Nie
85%
Krynica-Zdrój Łódzkie Nie
85%
Górowo Iławeckie Lubelskie Nie
85%
Stargard Lubelskie Nie
85%
Krynica-Zdrój Lubelskie Nie
85%
Świnoujście Lubelskie Nie
85%
Radków Lubuskie Nie
85%
Stargard Lubuskie Nie
85%
Świnoujście Lubuskie Nie
85%
Kostrzyn Małopolskie Nie
85%
Świnoujście Małopolskie Nie
85%
Władysławowo Małopolskie Nie
85%
Górowo Iławeckie Mazowieckie Nie
85%
Brodnica Mazowieckie Nie
85%
Gostynin Opolskie Nie
85%
Świnoujście Opolskie Nie
85%
Stargard Podkarpackie Nie
85%
Władysławowo Podkarpackie Nie
85%
Górowo Iławeckie Podlaskie Nie
85%
Gostynin Podlaskie Nie
85%
Krynica-Zdrój Podlaskie Nie
85%
Darłowo Pomorskie Nie
85%
Mosina Pomorskie Nie
85%
Stargard Śląskie Nie
85%
Władysławowo Świętokrzyskie Nie
85%
Brodnica Warmińsko-mazurskie Nie
85%
Władysławowo Wielkopolskie Nie
85%
Świnoujście Dolnośląskie Nie
82%
Warszawa Dolnośląskie Nie
82%
Stargard Kujawsko-pomorskie Nie
82%
Mosina Łódzkie Nie
82%
Warszawa Łódzkie Nie
82%
Mosina Lubelskie Nie
82%
Warszawa Lubelskie Nie
82%
Mosina Lubuskie Nie
82%
Stargard Lubuskie Nie
82%
Krynica-Zdrój Lubuskie Nie
82%
Władysławowo Lubuskie Nie
82%
Warszawa Małopolskie Nie
82%
Mosina Mazowieckie Nie
82%
Warszawa Mazowieckie Tak
82%
Radków Opolskie Nie
82%
Warszawa Opolskie Nie
82%
Górowo Iławeckie Podlaskie Nie
82%
Brodnica Podlaskie Nie
82%
Mosina Podlaskie Nie
82%
Opatówek Podlaskie Nie
82%
Władysławowo Podlaskie Nie
82%
Kostrzyn Pomorskie Nie
82%
Opatówek Pomorskie Nie
82%
Świnoujście Pomorskie Nie
82%
Brodnica Śląskie Nie
82%
Górowo Iławeckie Świętokrzyskie Nie
82%
Mosina Świętokrzyskie Nie
82%
Gostynin Świętokrzyskie Nie
82%
Warszawa Świętokrzyskie Nie
82%
Brodnica Warmińsko-mazurskie Nie
82%
Świnoujście Warmińsko-Mazurskie Nie
82%
Warszawa Warmińsko-mazurskie Nie
82%
Warszawa Wielkopolskie Nie
82%
Krynica-Zdrój Zachodniopomorskie Nie
82%
Gostynin Dolnośląskie Nie
79%
Piotrków Trybunalski Dolnośląskie Nie
79%
Stargard Kujawsko-pomorskie Nie
79%
Gostynin Łódzkie Nie
79%
Malbork Łódzkie Nie
79%
Biała Podlaska Łódzkie Nie
79%
Mosina Małopolskie Nie
79%
Biała Podlaska Małopolskie Nie
79%
Piotrków Trybunalski Małopolskie Nie
79%
Radków Mazowieckie Nie
79%
Malbork Mazowieckie Nie
79%
Piotrków Trybunalski Opolskie Nie
79%
Supraśl Opolskie Nie
79%
Radków Podkarpackie Nie
79%
Malbork Podkarpackie Nie
79%
Piotrków Trybunalski Podkarpackie Nie
79%
Malbork Podlaskie Nie
79%
Piotrków Trybunalski Pomorskie Nie
79%
Gostynin Śląskie Nie
79%
Piotrków Trybunalski Śląskie Nie
79%
Piotrków Trybunalski Świętokrzyskie Nie
79%
Opatowiec Warmińsko-mazurskie Nie
79%
Biała Podlaska Warmińsko-mazurskie Nie
79%
Opatówek Zachodniopomorskie Nie
79%
Pruchnik Zachodniopomorskie Nie
79%
Biała Podlaska Zachodniopomorskie Nie
79%
Kostrzyn Dolnośląskie Nie
77%
Pruchnik Dolnośląskie Nie
77%
Modliborzyce Dolnośląskie Nie
77%
Malbork Kujawsko-pomorskie Nie
77%
Radków Lubelskie Nie
77%
Opatowiec Lubelskie Nie
77%
Mieroszów Lubuskie Nie
77%
Pasym Mazowieckie Nie
77%
Opatowiec Mazowieckie Nie
77%
Kowalewo Pomorskie Mazowieckie Nie
77%
Radków Opolskie Nie
77%
Mieroszów Opolskie Nie
77%
Krynica-Zdrój Podkarpackie Nie
77%
Biała Podlaska Podkarpackie Nie
77%
Kowalewo Pomorskie Podkarpackie Nie
77%
Modliborzyce Podlaskie Nie
77%
Kowalewo Pomorskie Podlaskie Nie
77%
Stargard Pomorskie Nie
77%
Pruchnik Śląskie Nie
77%
Strzelce Krajeńskie Śląskie Nie
77%
Kowalewo Pomorskie Śląskie Nie
77%
Supraśl Świętokrzyskie Nie
77%
Malbork Warmińsko-mazurskie Nie
77%
Kowalewo Pomorskie Warmińsko-mazurskie Nie
77%
Pruchnik Wielkopolskie Nie
77%
Kowalewo Pomorskie Wielkopolskie Nie
77%
Świnoujście Zachodniopomorskie Tak
77%
Władysławowo Zachodniopomorskie Nie
77%
Malbork Zachodniopomorskie Nie
77%
Pasym Kujawsko-pomorskie Nie
74%
Strzelce Krajeńskie Łódzkie Nie
74%
Piotrków Trybunalski Łódzkie Tak
74%
Supraśl Łódzkie Nie
74%
Modliborzyce Lubuskie Nie
74%
Biała Podlaska Lubuskie Nie
74%
Biała Podlaska Mazowieckie Nie
74%
Piotrków Trybunalski Mazowieckie Nie
74%
Opatowiec Podkarpackie Nie
74%
Pasym Podlaskie Nie
74%
Pruchnik Podlaskie Nie
74%
Opatowiec Podlaskie Nie
74%
Krynica-Zdrój Pomorskie Nie
74%
Strzelce Krajeńskie Sląskie Nie
74%
Radków Świętokrzyskie Nie
74%
Krynica-Zdrój Świętokrzyskie Nie
74%
Malbork Warmińsko-mazurskie Nie
74%
Gostynin Wielkopolskie Nie
74%
Opatowiec Wielkopolskie Nie
74%
Supraśl Dolnośląskie Nie
72%
Górowo Iławeckie Kujawsko-pomorskie Nie
72%
Mieroszów Łódzkie Nie
72%
Mieroszów Lubelskie Nie
72%
Strzelce Krajeńskie Lubelskie Nie
72%
Kostrzyn Lubuskie Nie
72%
Opatowiec Małopolskie Nie
72%
Nysa Opolskie Tak
72%
Supraśl Opolskie Nie
72%
Pasym Podkarpackie Nie
72%
Supraśl Podkarpackie Nie
72%
Pasym Pomorskie Nie
72%
Władysławowo Pomorskie Tak
72%
Supraśl Pomorskie Nie
72%
Opatówek Śląskie Nie
72%
Modliborzyce Świętokrzyskie Nie
72%
Supraśl Warmińsko-mazurskie Nie
72%
Opatowiec Łódzkie Nie
69%
Pruchnik Lubelskie Nie
69%
Pruchnik Opolskie Nie
69%
Strzelce Krajeńskie Opolskie Nie
69%
Modliborzyce Podkarpackie Nie
69%
Strzelce Krajeńskie Podlaskie Nie
69%
Pasym Pomorskie Nie
69%
Mieroszów Śląskie Nie
69%
Strzelce Krajeńskie Wielkopolskie Nie
69%
Strzelce Krajeńskie Zachodniopomorskie Nie
69%
Kowalewo Pomorskie Zachodniopomorskie Nie
69%
Modliborzyce Dolnośląskie Nie
67%
Modliborzyce Łódzkie Nie
67%
Kostrzyn Lubuskie Nie
67%
Mieroszów Podkarpackie Nie
67%
Malbork Pomorskie Tak
67%
Stargard Zachodniopomorskie Tak
67%
Pruchnik Małopolskie Nie
64%
Pasym Podkarpackie Nie
64%
Pasym Podlaskie Nie
64%
Mieroszów Podlaskie Nie
64%
Biała Podlaska Podlaskie Nie
64%
Modliborzyce Małopolskie Nie
62%
Darłowo Pomorskie Nie
62%
Górowo Iławeckie Warmińsko-mazurskie Tak
56%
Krynica-Zdrój Małopolskie Tak
54%
Biała Podlaska Lubelskie Tak
51%
Mosina Wielkopolskie Tak
49%
Opatówek Świętokrzyskie Nie
46%
Gostynin Mazowieckie Tak
44%
Kowalewo Pomorskie Pomorskie Nie
44%
Opatowiec Świętokrzyskie Tak
44%
Darłowo Zachodniopomorskie Tak
44%
Strzelce Krajeńskie Lubuskie Tak
38%
Kowalewo Pomorskie Kujawsko-pomorskie Tak
36%
Supraśl Podlaskie Tak
36%
Kostrzyn Wielkopolskie Tak
36%
Radków Dolnośląskie Tak
31%
Brodnica Kujawsko-pomorskie Tak
31%
Gostynin Mazowieckie Tak
31%
Brodnica Kujawsko-pomorskie Tak
28%
Pasym Warmińsko-mazurskie Tak
28%
Mieroszów Dolnośląskie Tak
26%
Pruchnik Podkarpackie Tak
23%
Opatówek Wielkopolskie Tak
23%
Mieroszów Dolnośląskie Tak
21%
Modliborzyce Lubelskie Tak
15%
Nie znaleziono quizów pasujących do podanych kryteriów
Rozkład punktacji
Procent ludzi z każdym wynikiem
Percentyl według liczby udzielonych odpowiedzi
Twoja historia wyników
Nie rozwiązałeś tego quizu